| 000 | 00381nam a22001457a 4500 | ||
|---|---|---|---|
| 005 | 20250927094405.0 | ||
| 008 | 250927b |||||||| |||| 00| 0 eng d | ||
| 050 |
_aSB119 _b.H3 HAR |
||
| 100 | _aHARTMANN T, HUDSON | ||
| 245 |
_aPLANT PROPAGATION; _bPRINCIPLES AND PRACTICES |
||
| 250 | _a2ND | ||
| 260 |
_aNEW JERSEY _bPRENTICE-HALL _c1968 |
||
| 300 | _ax, 702p | ||
| 942 |
_2lcc _cBK _n0 |
||
| 999 |
_c7774 _d7774 |
||